MLS Teams - Sudden Death - Statistics

General Stats
  • This quiz has been taken 70 times
  • The average score is 12 of 13
Answers on the Grid
Answers color-coded by a green-red scale on the quiz's grid according to % correct below.
Atlanta United
Boston Red Sox
Boston Ships
Chicago Fire
Columbus Crew
D.C. United
Dallas Cowboys
Dallas Stars
Denver Glaciers
Detroit Lakers
Houston Dynamo
Jacksonville Tigers
Los Angeles Galaxy
New England Patriots
New England Revolution
New Orleans Jazz
New York Red Bulls
Portland Timbers
San Francisco Bays
San Jose Earthquakes
Seattle Sounders
Sporting Kansas City
St. Louis Cardinals
Toronto Blizzard
Tulsa Tornadoes
Vancouver Summits
Vancouver Whitecaps
 
Answer Stats
Answer % Correct
D.C. United
97%
Atlanta United
95%
Los Angeles Galaxy
95%
Columbus Crew
93%
Chicago Fire
90%
New York Red Bulls
90%
New England Revolution
88%
Houston Dynamo
86%
Seattle Sounders
86%
Vancouver Whitecaps
86%
Portland Timbers
83%
San Jose Earthquakes
83%
Sporting Kansas City
79%
No matching quizzes found
Score Distribution
Percent of People with Each Score
Percentile by Number Answered
Your Score History
You have not taken this quiz